Normal view
MARC view
Entry Personal Name
001 - CONTROL NUMBER
- control field: 848342
003 - CONTROL NUMBER IDENTIFIER
- control field: OSt
005 - DATE AND TIME OF LATEST TRANSACTION
- control field: 20251015110649.0
008 - FIXED-LENGTH DATA ELEMENTS
- fixed length control field: 251015|| aca||aabn | a|a d
040 ## - CATALOGING SOURCE
- Original cataloging agency: OSt
- Transcribing agency: OSt
100 ## - HEADING--PERSONAL NAME
- Personal name: सिंह, सुधा
670 ## - SOURCE DATA FOUND
- Source citation: Work cat.: (OSt)367857: 848340, मध्यकालीन साहित्य विमर्श /, 2004.
